Pollution impacts on marine biotic communities (Record no. 39614)

MARC details
000 -LEADER
fixed length control field 00666nam a2200229Ia 4500
008 - FIXED-LENGTH DATA ELEMENTS--GENERAL INFORMATION
fixed length control field 191130s1998##################000#0#eng##
020 ## - INTERNATIONAL STANDARD BOOK NUMBER
International Standard Book Number 849384281
022 ## - INTERNATIONAL STANDARD SERIAL NUMBER
International Standard Serial Number 97014857
040 ## - CATALOGING SOURCE
Original cataloging agency ACL
Transcribing agency ACL
082 ## - DEWEY DECIMAL CLASSIFICATION NUMBER
Classification number 577.727 KEN
100 ## - MAIN ENTRY--PERSONAL NAME
Personal name Kennish, Michael J
245 ## - TITLE STATEMENT
Title Pollution impacts on marine biotic communities
Statement of responsibility, etc. Michael J. Kennish
250 ## - EDITION STATEMENT
Edition statement 1st ed
260 ## - PUBLICATION, DISTRIBUTION, ETC.
Place of publication, distribution, etc. Boca Raton, FL
Name of publisher, distributor, etc. CRC Press
Date of publication, distribution, etc. 1998
300 ## - PHYSICAL DESCRIPTION
Extent 310 p. : ill., maps ; 24 cm
500 ## - GENERAL NOTE
General note Includes bibliographical references and index
650 ## - SUBJECT ADDED ENTRY--TOPICAL TERM
Topical term or geographic name entry element Marine ecology
Topical term or geographic name entry element Marine pollution
990 ## - EQUIVALENCES OR CROSS-REFERENCES [LOCAL, CANADA]
Link information for 9XX fields e2c0f606ac10000c7bad99921b99e148
991 ## -
-- 244814
Holdings
Withdrawn status Lost status Damaged status Not for loan Home library Current library Shelving location Date acquired Total Checkouts Full call number Barcode Date last seen Price effective from Koha item type
        Anna Centenary Library Anna Centenary Library 5TH FLOOR, A WING 09.10.2020   577.727 KEN 144637 09.10.2020 09.10.2020 Books

Find us on the map